000
00344nam a2200157Ia 4500
003
OSt
005
20231226044209.0
008
170524s9999 xx 000 0 und d
020
_a
9814126969
040
_c
IIMTU
100
_a
Ramon- Pallas-Areny
245
0
_a
Analog Signal Processing
260
_b
Wiley
260
_c
1999
942
_2
ddc
_c
02
999
_c
5933
_d
5933